Tribhuvan University Central Library

Impact assessment of Khudi Hydropower Project. (Record no. 63330)

MARC details
000 -LEADER
fixed length control field 00487 a2200157 4500
008 - FIXED-LENGTH DATA ELEMENTS--GENERAL INFORMATION
fixed length control field 150421b xxu||||| |||| 00| 0 eng d
041 ## - LANGUAGE CODE
Language code of text/sound track or separate title English
082 ## - DEWEY DECIMAL CLASSIFICATION NUMBER
Classification number CD6414
100 ## - MAIN ENTRY--PERSONAL NAME
Personal name Ranabhat, Bikash
245 ## - TITLE STATEMENT
Title Impact assessment of Khudi Hydropower Project.
260 ## - PUBLICATION, DISTRIBUTION, ETC. (IMPRINT)
Place of publication, distribution, etc Kathmandu
Date of publication, distribution, etc 2009
502 ## - DISSERTATION NOTE
Dissertation note Dissertation
Degree type Degree in Sociology
Name of granting institution T.U.
650 ## - SUBJECT ADDED ENTRY--TOPICAL TERM
Topical term or geographic name as entry element Hydro plants
-- Energy plan
-- Health facilities
-- Decision making
-- Ethnic composition
653 ## - INDEX TERM--UNCONTROLLED
Uncontrolled term Sociology
942 ## - ADDED ENTRY ELEMENTS (KOHA)
Source of classification or shelving scheme Dewey Decimal Classification
Koha item type Audio Visual Materials
Holdings
Withdrawn status Lost status Source of classification or shelving scheme Damaged status Not for loan Home library Current library Date acquired Total Checkouts Full call number Barcode Date last seen Price effective from Koha item type
    Dewey Decimal Classification     Tribhuvan University Central Library Tribhuvan University Central Library 04/21/2015   CD6414 A6062 04/21/2015 04/21/2015 Audio Visual Materials